Guide To Scientific Computing (Record no. 318229)

MARC details
000 -LEADER
fixed length control field 00393nam a2200157Ia 4500
008 - FIXED-LENGTH DATA ELEMENTS--GENERAL INFORMATION
fixed length control field 230718s9999 xx 000 0 und d
041 ## - LANGUAGE CODE
Language code of text/sound track or separate title eng
082 ## - DEWEY DECIMAL CLASSIFICATION NUMBER
Classification number 519.4
Item number TUR
100 ## - MAIN ENTRY--PERSONAL NAME
Personal name Turner P.R.
9 (RLIN) 144903
245 ## - TITLE STATEMENT
Title Guide To Scientific Computing
250 ## - EDITION STATEMENT
Edition statement 2nd ed.
260 ## - PUBLICATION, DISTRIBUTION, ETC. (IMPRINT)
Name of publisher, distributor, etc. Macmillan
365 ## - TRADE PRICE
Currency code Rs.
Price amount 759.00
700 ## - ADDED ENTRY--PERSONAL NAME
Personal name Turner P.R.
9 (RLIN) 144903
906 ## - LOCAL DATA ELEMENT F, LDF (RLIN)
d B:309210-Jan-2008
c COMP
Holdings
Withdrawn status Lost status Damaged status Not for loan Home library Current library Date acquired Vendor Budget Code Cost, normal purchase price Bill number Total Checkouts Full call number Barcode Date last seen Cost, replacement price Bill Date Koha item type Original Barcode
        Cummins College of Engineering for Women Pune Cummins College of Engineering for Women Pune 23/01/2008 Tbs COMP 759.00 3092   519.4 CCEP-BK-29436 18/07/2023 759.00 10/01/2008 Books 029436